Community engagement, social responsibility and social work profession : : (Record no. 143508)

MARC details
000 -LEADER
fixed length control field 00751nam a22002057a 4500
005 - DATE AND TIME OF LATEST TRANSACTION
control field 20170817154404.0
010 ## - LCCN (DPL NO)
LC control number ENG-119714
020 ## - INTERNATIONAL STANDARD BOOK NUMBER
International Standard Book Number 9788193312803
Terms of availability 650.00
035 ## - SYSTEM CONTROL NUMBER
System control number EN-103246
037 ## - SOURCE OF ACQUISITION
Source of stock number/acquisition DBAD/PUB
082 ## - DEWEY DECIMAL CLASSIFICATION NUMBER
Classification number 307.140954
100 ## - MAIN ENTRY--PERSONAL NAME
Personal name Verma, R.B.S.
245 ## - TITLE STATEMENT
Title Community engagement, social responsibility and social work profession : :
Statement of responsibility, etc by R.B.S. Verma, Atul Pratap Singh [and] Jitender K. Verma
Remainder of title emerging scope and prospects /
260 ## - PUBLICATION, DISTRIBUTION, ETC. (IMPRINT)
Place of publication, distribution, etc New Delhi
Name of publisher, distributor, etc AlterNotes Press
Date of publication, distribution, etc 2016
270 ## - ADDRESS
Address 161/55, Hasrat Mohani Lane, Ghafoor Nagar Road Jamia Nagar,
City New Delhi
Postal code 110025
300 ## - PHYSICAL DESCRIPTION
Extent xiii,191p.
Dimensions 22cm
700 ## - ADDED ENTRY--PERSONAL NAME
Personal name Atul Pratap Singh
700 ## - ADDED ENTRY--PERSONAL NAME
Personal name Verma, Jitendra k.
942 ## - ADDED ENTRY ELEMENTS (KOHA)
Source of classification or shelving scheme Dewey Decimal Classification
Item type English Books
Classification part 307.140954
Call number suffix VER
Holdings
Withdrawn status Lost status Not for loan Collection code Home library Current library Date acquired Source of acquisition Cost, normal purchase price Full call number Barcode Copy number Cost, replacement price Koha item type
    Not For Loan Non-fiction D.B.Act.Division Bawana 17/08/2017 DBAD/PUB 650.00 307.140954 VER EN-103246 1 650.00 English Books

© Delhi Public Library
Hit Counter
free hit counter